|
|
|
|
| LEADER |
00000nab a2200000ua 4500 |
| 001 |
vtls010848213 |
| 003 |
SK-MaSNL |
| 005 |
20260303111451.0 |
| 008 |
230121s2008 xo |||||||||||||||||slo| |
| 035 |
|
|
|a (urnnbn)urn:nbn:sk:snk:ar-a078dd
|
| 035 |
|
|
|a urn:nbn:sk:snk-ab6971
|
| 035 |
|
|
|a (uuid)1658d834-172f-4c80-a674-5fcc63e5d0d6
|
| 040 |
|
|
|a SNKBUCL
|b slo
|c SNKBUCL
|e AACR2
|
| 041 |
0 |
|
|a slo
|
| 044 |
|
|
|a xo
|c SK
|
| 100 |
1 |
|
|a Rinková, Mária
|4 aut
|9 1116837
|
| 245 |
1 |
0 |
|a K DANI Z PRÍJMOV FYZICKÝCH OSÔB
|c Mária Rinková
|
| 773 |
0 |
|
|t Manažment, mzdy a financie : časopis pre ekonómov, podnikateľov, podniky a organizácie
|g Roč. 15, č. 21 (2008), s. 34-40
|
| 954 |
|
|
|a odborná, vedecká literatúra pôvodná (slovenská)
|2 lita
|
| 958 |
|
|
|a OND
|
| 958 |
|
|
|a EUIPO
|
| 958 |
|
|
|a article5
|
| 999 |
|
|
|c 1877113
|d 1879043
|